Koh-Lanta : Candidats la revanche des quatres terres - Statistiques

Statistiques générales
  • Ce quiz a été pris 147 fois
  • Le résultat moyen est 19 sur 24
Statistiques - réponses
Candidat % Correct
Gaëlle
96%
Maël
95%
Jérôme
93%
Jérôme
93%
Maxime
90%
Claire
88%
Joana
88%
Pierre-Marie
84%
Céline
82%
Naïs
82%
Adrien
81%
Louise
81%
Mohamed
78%
Noémie
78%
Andréa
75%
Frédéric
71%
Mehdi
71%
Jessica
68%
Allan
67%
Benoit
67%
Christian
64%
Cynthiana
63%
Pauline
61%
Romane
61%
Aucun quiz correspondant
Distribution des résultats
% des personnes avec chaque résultat
Percentile par nombre de réponses
Votre historique - résultats
Vous n’avez pas pris ce quiz